Statistics for Game of Thrones Super Quiz 3

Click here to take the quiz!

General Stats

  • This quiz has been taken 973 times
  • The average score is 4 of 15

Answer Stats

HintAnswer% Correct
How did the Targaryens keep their blood line pure?Incest
81%
How many Horns signifies the coming of white walkers?3
71%
What is Lord Varys' nickname?The Spider
69%
Who is Hodor's only known relative?Old Nan
39%
Where are the Twins?Riverlands
33%
Which King constructed the Great Sept in Kings Landing?Baelor The Blessed
29%
What trade is "Littlefinger" in?Prostitution
22%
Who is the Warden of the South?Mace Tyrell
20%
What was the name of the "Mad King"?Aerys Targaryen II
16%
Who rescues the stranded Ser Davos Seaworth?Salladhor Saan
10%
What is the Former Summer residence of the Targaryens?Summerhall
9%
What does Master Kraznys do to Daenerys when his word is being translated into common tongue?Insults her
8%
What does Thoros do with Beric Dondarrion's body?Resurrects it
4%
What house rules the twins and what is their sigil?Frey, Two Grey Towers
0%
Who first attempts to assassinate Daenerys Targaryen?Wine Merchant
0%

Score Distribution

Percentile by Number Answered

Percent of People with Each Score

Your Score History

You have not taken this quiz